Largest Islands of Greece Quiz Stats

Quiz Updated Mar 11, 2016

Challenge
Share
Tweet
Score 0/13 Timer 04:00
8 Plays Today
% Correct
Crete
96.1%
Lesbos
82.6%
Rhodes
81%
Corfu
69.7%
Naxos
52.8%
Euboea
50.5%
Samos
49.8%
Chios
47.1%
Lemnos
42.9%
Thassos
39%
Zakynthos
38%
Andros
37.9%
Cephalonia
36.5%

You're not logged in!

Compare scores with friends on all Sporcle quizzes.
Sign Up with Email
OR
Log In

You Might Also Like...

Show Comments

Extras

Top Quizzes Today


Score Distribution

Your Account Isn't Verified!

In order to create a playlist on Sporcle, you need to verify the email address you used during registration. Go to your Sporcle Settings to finish the process.